Normal view
MARC view
- Johnson, Lee W
Entry Personal Name
001 - CONTROL NUMBER
- control field: 102570
003 - CONTROL NUMBER IDENTIFIER
- control field: NUST
005 - DATE AND TIME OF LATEST TRANSACTION
- control field: 20221111115049.0
008 - FIXED-LENGTH DATA ELEMENTS
- fixed length control field: 221111|| aca||aabn | a|a d
040 ## - CATALOGING SOURCE
- Original cataloging agency: NUST
- Transcribing agency: NUST
100 ## - HEADING--PERSONAL NAME
- Personal name: Johnson, Lee W
670 ## - SOURCE DATA FOUND
- Source citation: Work cat.: (NUST)182151: Johnson, Lee W., Introduction to Linear Algebra / , c1989.
